Sports Quiz

Random Sports or Soccer Quiz

Joueur du mois Ligue 1 Quiz Stats

 Plays Quiz not verified by Sporcle

Support Sporcle.
Go Orange.
Score 0/81 Timer 10:00
0 Plays Today
Saison Joueur % Correct
2019-2020Neymar
99.1%
2017-2018Neymar
99.1%
2018-2019Kylian Mbappé
92%
2018-2019Kylian Mbappé
92%
2017-2018Kylian Mbappé
92%
2016-2017Kylian Mbappé
92%
2019-2020Thiago Silva
89.7%
2012-2013Thiago Silva
89.7%
2016-2017Edinson Cavani
83.5%
2016-2017Edinson Cavani
83.5%
2019-2020Wissam Ben Yedder
83.2%
2017-2018Memphis Depay
83.2%
2015-2016Zlatan Ibrahimovic
80.9%
2013-2014Zlatan Ibrahimovic
80.9%
2013-2014Zlatan Ibrahimovic
80.9%
2013-2014Zlatan Ibrahimovic
80.9%
2012-2013Zlatan Ibrahimovic
80.9%
2016-2017Bernardo Silva
80.7%
2015-2016Ousmane Dembélé
77.6%
2010-2011Dimitri Payet
75.5%
2017-2018Florian Thauvin
74.1%
2017-2018Florian Thauvin
74.1%
2016-2017Florian Thauvin
74.1%
2018-2019Nicolas Pépé
73.7%
2018-2019Nicolas Pépé
73.7%
2017-2018Radamel Falcao
73%
2016-2017Marco Verratti
73%
Saison Joueur % Correct
2013-2014Marco Verratti
73%
2015-2016Angel Di Maria
71.5%
2018-2019Emiliano Sala
63.3%
2014-2015Emiliano Sala
63.3%
2011-2012Eden Hazard
63%
2011-2012Eden Hazard
63%
2010-2011Eden Hazard
63%
2019-2020Victor Osimhen
62%
2014-2015Javier Pastore
60.9%
2014-2015Javier Pastore
60.9%
2014-2015Javier Pastore
60.9%
2011-2012Javier Pastore
60.9%
2018-2019Wahbi Khazri
60.9%
2018-2019Mario Balotelli
58.7%
2017-2018Nabil Fekir
58.3%
2016-2017Alexandre Lacazette
55.7%
2014-2015Alexandre Lacazette
55.7%
2014-2015Alexandre Lacazette
55.7%
2017-2018Steve Mandanda
54.3%
2012-2013Pierre-Emerick Aubameyang
50%
2012-2013Pierre-Emerick Aubameyang
50%
2011-2012Pierre-Emerick Aubameyang
50%
2019-2020Eduardo Camavinga
48.5%
2015-2016Hatem Ben Arfa
46.9%
2018-2019Jonathan Bamba
45.4%
2014-2015Lucas Moura
42.8%
2014-2015André-Pierre Gignac
37.9%
Saison Joueur % Correct
2013-2014Dimitar Berbatov
37.7%
2018-2019Kenny Lala
37.1%
2016-2017Maxime Lopez
36.8%
2011-2012Nenê
35.9%
2010-2011Nenê
35.9%
2012-2013Salvatore Sirigu
34.3%
2011-2012Salvatore Sirigu
34.3%
2015-2016Michy Batshuayi
31.6%
2016-2017Thomas Lemar
30.8%
2011-2012Younès Belhanda
30.3%
2012-2013Stéphane Ruffier
28.7%
2017-2018Mathieu Debuchy
23.7%
2010-2011Marvin Martin
21.4%
2019-2020Jeff Reine-Adélaïde
21.3%
2015-2016Guillaume Gillet
18.1%
2013-2014Salomon Kalou
17.1%
2012-2013Salomon Kalou
17.1%
2011-2012Milan Bisevac
17%
2015-2016Sofiane Boufal
15.8%
2012-2013Dario Cvitanich
15.3%
2013-2014Vincent Enyeama
14.8%
2013-2014Vincent Enyeama
14.8%
2015-2016Lassana Diarra
14.4%
2010-2011Mamadou Sakho
11.8%
2010-2011Clément Chantôme
7.1%
2010-2011Mickaël Landreau
6.9%
2010-2011Steeve Elana
3.6%

You're not logged in!

Compare scores with friends on all Sporcle quizzes.
OR
Log In

From the Vault

8 Scenes, 1 Movie! VII

by BigAl1994

A further dissection of these scenes may be required.
Remove Ads.
Support Sporcle.
Get the best of Sporcle when you Go Orange. This ad-free experience offers more features, more stats, and more fun while also helping to support Sporcle. Thank you for becoming a member.

Show Comments

Extras

Top Quizzes Today


Score Distribution

Your Account Isn't Verified!

In order to create a playlist on Sporcle, you need to verify the email address you used during registration. Go to your Sporcle Settings to finish the process.

Report this User

Report this user for behavior that violates our Community Guidelines.

Details: